000
00270nam a22001217a 4500
008
190305b xxu||||| |||| 00| 0 eng d
041
_a
eng
080
_2
4th
_a
371
100
_a
46
101
_a
EDU
245
_a
Modern English Handbook
_c
Gorrell,R.M
942
_2
udc
_c
BK
999
_c
54551
_d
54551